[Event "Titled Tuesday intern op 30th Apr Early"]
[Site "Chess.com INT"]
[Date "2024.04.30"]
[Round "1"]
[White "Goltsev, Dmitry"]
[Black "Zeneli, Klendi"]
[Result "1-0"]
[WhiteElo "2215"]
[BlackElo "2156"]
[PlyCount "69"]
[EventDate "2024.04.30"]
[EventType "swiss (blitz)"]
[EventRounds "11"]
[EventCountry "USA"]
[SourceTitle "CB19_2024"]
[SourceDate "2024.05.08"]
[SourceVersion "1"]
[SourceVersionDate "2024.05.08"]
[SourceQuality "1"]

1. e4 e5 2. Nf3 Nc6 3. Bb5 a6 4. Ba4 Nf6 5. 0-0 Be7 6. Re1 b5 7. Bb3 0-0 8. c3 d5 9. d4 exd4 10. e5 Ne4 11. cxd4 Na5 12. Bc2 Bf5 13. Nc3 Nxc3 14. bxc3 Bxc2 15. Qxc2 Nc4 16. a4 b4 17. cxb4 Bxb4 18. Ng5 g6 19. Re2 Be7 20. h4 Rb8 21. e6 f5 22. Nf7 Qe8 23. Bh6 Bxh4 24. Bxf8 Qxf8 25. Rb1 Rb4 26. Rxb4 Qxb4 27. g3 Bf6 28. Ne5 Nd6 29. Qxc7 Qxd4 30. Qxd6 Qd1+ 31. Kg2 Qxe2 32. e7 Qe4+ 33. Kh2 Qe1 34. e8Q+ Kg7 35. Qef8# 1-0

[Event "Titled Tuesday intern op 13th Feb Late"]
[Site "Chess.com INT"]
[Date "2024.02.13"]
[Round "4"]
[White "Zeneli, Klendi"]
[Black "Seemann, Jakub"]
[Result "0-1"]
[WhiteElo "2177"]
[BlackElo "2439"]
[PlyCount "102"]
[EventDate "2024.02.13"]
[EventType "swiss (blitz)"]
[EventRounds "11"]
[EventCountry "USA"]
[SourceTitle "CB08_2024"]
[SourceDate "2024.02.21"]
[SourceVersion "1"]
[SourceVersionDate "2024.02.21"]
[SourceQuality "1"]

1. e4 d6 2. d4 g6 3. Nc3 Bg7 4. Be3 e6 5. Qd2 h6 6. h4 Ne7 7. h5 g5 8. 0-0-0 a6 9. f4 gxf4 10. Bxf4 b5 11. Nf3 Bb7 12. Kb1 Nd7 13. Bd3 Nb6 14. Rhf1 c5 15. dxc5 dxc5 16. Qf2 Nd7 17. Ne5 0-0 18. Nxd7 Qxd7 19. Bxb5 Qc8 20. Qg3 Kh8 21. Be5 f6 22. Bd6 axb5 23. Bxe7 Rf7 24. Rd8+ Qxd8 25. Bxd8 Rxd8 26. Nxb5 Bxe4 27. a4 Rfd7 28. Re1 f5 29. Ka2 Ra8 30. Ka3 Bxc2 31. b3 c4 32. Qf3 Ra6 33. Qf4 cxb3 34. Rxe6 Rxe6 35. Qb8+ Kh7 36. Nc7 Red6 37. a5 Bb2+ 38. Ka4 Be4 39. Kxb3 Bg7 40. Kc4 Rd3 41. Kc5 R7d5+ 42. Kc4 R5d4+ 43. Kc5 Rc3+ 44. Kb6 Rb4+ 45. Nb5 Rxb5+ 46. Kxb5 Rb3+ 47. Kc5 Rxb8 48. a6 Ra8 49. Kb6 Rxa6+ 50. Kxa6 Bxg2 51. Kb5 Bf3 0-1

[Event "Titled Tuesday intern op 06th Feb Early"]
[Site "Chess.com INT"]
[Date "2024.02.06"]
[Round "5"]
[White "Golubev, Mikhail"]
[Black "Zeneli, Klendi"]
[Result "1-0"]
[WhiteElo "2461"]
[BlackElo "2177"]
[PlyCount "45"]
[EventDate "2024.02.06"]
[EventType "swiss (blitz)"]
[EventRounds "11"]
[EventCountry "USA"]
[SourceTitle "CB07_2024"]
[SourceDate "2024.02.14"]
[SourceVersion "1"]
[SourceVersionDate "2024.02.14"]
[SourceQuality "1"]

1. e4 e5 2. Nf3 Nc6 3. Bc4 Nf6 4. Ng5 d5 5. exd5 Na5 6. Bb5+ c6 7. dxc6 bxc6 8. Bd3 Nd5 9. Nf3 Bd6 10. 0-0 0-0 11. Re1 f5 12. Nxe5 Qf6 13. Nf3 g5 14. c4 g4 15. cxd5 gxf3 16. Qxf3 cxd5 17. Qxd5+ Kh8 18. Qxa8 Bb7 19. Qxa7 Qh4 20. g3 Qb4 21. a3 Qb3 22. Qd4+ Kg8 23. Qxd6 1-0

[Event "Titled Tuesday intern op 19th Dec Early"]
[Site "Chess.com INT"]
[Date "2023.12.19"]
[Round "2"]
[White "Arabidze, Meri"]
[Black "Zeneli, Klendi"]
[Result "1-0"]
[WhiteElo "2462"]
[BlackElo "2148"]
[PlyCount "39"]
[EventDate "2023.12.19"]
[EventType "swiss (blitz)"]
[EventRounds "11"]
[EventCountry "USA"]
[SourceTitle "CB52_2023"]
[SourceDate "2023.12.27"]
[SourceVersion "1"]
[SourceVersionDate "2023.12.27"]
[SourceQuality "1"]

1. Nf3 d5 2. c4 e6 3. g3 Nf6 4. Bg2 Be7 5. 0-0 0-0 6. b3 b6 7. Bb2 Bb7 8. e3 Nbd7 9. Nc3 c5 10. Qe2 Ne4 11. Rfd1 Bf6 12. Rac1 Ne5 13. Nxe5 Bxe5 14. d4 Nxc3 15. Bxc3 cxd4 16. Bxd4 Bxd4 17. Rxd4 Qc7 18. Rcd1 e5 19. R4d2 dxc4 20. Rd7 1-0

[Event "Titled Tuesday intern op 12th Dec Early"]
[Site "Chess.com INT"]
[Date "2023.12.12"]
[Round "3"]
[White "Zeneli, Klendi"]
[Black "Hajiyev, Kanan"]
[Result "1-0"]
[WhiteElo "2148"]
[BlackElo "2135"]
[PlyCount "63"]
[EventDate "2023.12.12"]
[EventType "swiss (blitz)"]
[EventRounds "11"]
[EventCountry "USA"]
[SourceTitle "CB51_2023"]
[SourceDate "2023.12.20"]
[SourceVersion "1"]
[SourceVersionDate "2023.12.20"]
[SourceQuality "1"]

1. e4 c6 2. d4 d5 3. e5 a6 4. Bd3 c5 5. dxc5 e6 6. b4 Nc6 7. c3 Nxe5 8. Nf3 Nxd3+ 9. Qxd3 Nf6 10. 0-0 Be7 11. Bf4 0-0 12. Nbd2 Bd7 13. Rfd1 Ba4 14. Nb3 a5 15. Rd2 Bxb3 16. axb3 axb4 17. Rxa8 Qxa8 18. cxb4 Ne4 19. Rd1 Qa3 20. Bd2 Bf6 21. Be1 Ra8 22. Qb5 Qxb3 23. Qxb7 Rf8 24. Rc1 Qb2 25. Rd1 Nxc5 26. Qc6 Ne4 27. b5 Bc3 28. b6 Bxe1 29. Rxe1 Qxf2+ 30. Kh1 Rb8 31. b7 Qa7 32. Qc8+ 1-0

[Event "Titled Tuesday intern op 14th Nov Early"]
[Site "Chess.com INT"]
[Date "2023.11.14"]
[Round "6"]
[White "Bodnaruk, Anastasia"]
[Black "Zeneli, Klendi"]
[Result "1-0"]
[WhiteElo "2340"]
[BlackElo "2148"]
[PlyCount "83"]
[EventDate "2023.11.14"]
[EventType "swiss (blitz)"]
[EventRounds "11"]
[EventCountry "USA"]
[SourceTitle "CB47_2023"]
[SourceDate "2023.11.22"]
[SourceVersion "1"]
[SourceVersionDate "2023.11.22"]
[SourceQuality "1"]

1. e4 e5 2. Nf3 Nc6 3. Bc4 Nf6 4. d3 Bc5 5. 0-0 d6 6. c3 a6 7. Bb3 Ba7 8. Re1 h6 9. h3 g5 10. Nh2 Qe7 11. Bd2 Bd7 12. Na3 0-0-0 13. Nc4 Rdg8 14. Ne3 h5 15. g3 Bxh3 16. Nd5 Nxd5 17. exd5 Nb8 18. d4 Qf6 19. Be3 e4 20. c4 g4 21. c5 h4 22. Rc1 hxg3 23. fxg3 dxc5 24. dxc5 Qg6 25. Qd2 Nd7 26. c6 Bxe3+ 27. Qxe3 Nb6 28. cxb7+ Kxb7 29. Rc6 Qh5 30. Rec1 Bg2 31. Rxc7+ Ka8 32. Qxb6 Qxh2+ 33. Kf2 e3+ 34. Kxe3 Qxg3+ 35. Kd2 Qf4+ 36. Qe3 Qb4+ 37. R1c3 Qb8 38. Qd3 Qb5 39. Qd4 Qb8 40. R3c6 Bf1 41. Qa4 Bb5 42. Rxa6+ 1-0

[Event "Titled Tuesday intern op 14th Nov Early"]
[Site "Chess.com INT"]
[Date "2023.11.14"]
[Round "9"]
[White "Zeneli, Klendi"]
[Black "Buscar, Michael"]
[Result "0-1"]
[WhiteElo "2148"]
[BlackElo "2041"]
[PlyCount "116"]
[EventDate "2023.11.14"]
[EventType "swiss (blitz)"]
[EventRounds "11"]
[EventCountry "USA"]
[SourceTitle "CB47_2023"]
[SourceDate "2023.11.22"]
[SourceVersion "1"]
[SourceVersionDate "2023.11.22"]
[SourceQuality "1"]

1. e4 c5 2. c3 Nf6 3. e5 Nd5 4. d4 cxd4 5. cxd4 Nc6 6. Nf3 d6 7. Bc4 e6 8. 0-0 Be7 9. Qe2 0-0 10. Nc3 Nxc3 11. bxc3 dxe5 12. dxe5 Qa5 13. h4 Bd7 14. Bd2 Rfd8 15. h5 Be8 16. Qe4 Nxe5 17. Nxe5 Rxd2 18. Qxb7 Qd8 19. Rab1 Bf6 20. Rfe1 Rc8 21. Ba6 Rxc3 22. Nf3 Rd7 23. Qb8 Qxb8 24. Rxb8 Rd8 25. Reb1 Kf8 26. Rxd8 Bxd8 27. Rb7 Bb6 28. Rb8 Ke7 29. Rb7+ Kf6 30. h6 gxh6 31. Rb8 Bc6 32. Rc8 Rc1+ 33. Kh2 Rc5 34. Nd4 Bd5 35. Rxc5 Bxc5 36. Nb3 Bxb3 37. axb3 Bxf2 38. g3 h5 39. Kg2 Bc5 40. Kf3 Kg5 41. Bd3 h6 42. Be4 h4 43. gxh4+ Kxh4 44. Bc6 Kg5 45. Be8 f5 46. Bf7 e5 47. Bd5 e4+ 48. Kg3 h5 49. Kh3 h4 50. Kg2 Kf4 51. Bf7 Ke3 52. Bh5 f4 53. Kh3 f3 54. Kh2 Bd6+ 55. Kh3 Bg3 56. Bf7 Kf2 57. Bc4 e3 58. Kg4 e2 0-1

[Event "EU-ch Cities&Town op"]
[Site "Tornelo INT"]
[Date "2023.01.29"]
[Round "?"]
[White "Kisic, Bozidar"]
[Black "Zeneli, Klendi"]
[Result "1-0"]
[WhiteElo "2303"]
[BlackElo "2052"]
[PlyCount "87"]
[EventDate "2023.01.29"]
[EventType "team-swiss"]
[EventRounds "9"]
[EventCountry "NET"]
[SourceTitle "CBM 212 Extra"]
[Source "ChessBase"]
[SourceDate "2023.03.31"]
[SourceVersion "1"]
[SourceVersionDate "2023.03.31"]
[SourceQuality "1"]
[WhiteTeam "Niksic"]
[BlackTeam "Tirana"]
[WhiteTeamCountry "MNE"]
[BlackTeamCountry "ALB"]

1. d4 d5 2. Bf4 c5 3. e4 dxe4 4. d5 Nf6 5. Nc3 e6 6. Bb5+ Bd7 7. dxe6 fxe6 8. Qe2 Bxb5 9. Qxb5+ Qd7 10. Rd1 Qxb5 11. Nxb5 Na6 12. Nh3 Nd5 13. Bg3 Be7 14. 0-0 0-0 15. Rfe1 Rfd8 16. c3 e3 17. fxe3 Nf6 18. Ng5 Nh5 19. Nxe6 Rxd1 20. Rxd1 Nxg3 21. hxg3 Kf7 22. Nf4 Ke8 23. Kf2 c4 24. Nd5 Rc8 25. Nxe7 Kxe7 26. Nd6 Rc7 27. Ke2 Ke6 28. Rd4 Nc5 29. Nxc4 b5 30. Nd2 Na4 31. Rb4 Rc5 32. c4 Nb6 33. Rxb5 Rxb5 34. cxb5 Kd5 35. b3 Kc5 36. a4 Kb4 37. e4 Nd7 38. Ke3 Nc5 39. e5 Ne6 40. Ke4 Kc3 41. Kd5 Nd8 42. e6 Nxe6 43. Kxe6 Kxd2 44. a5 1-0

[Event "EU-ch Cities&Town op"]
[Site "Tornelo INT"]
[Date "2023.01.29"]
[Round "?"]
[White "Zeneli, Klendi"]
[Black "Kalogeris, Ioannis"]
[Result "0-1"]
[WhiteElo "2052"]
[BlackElo "2409"]
[PlyCount "60"]
[EventDate "2023.01.29"]
[EventType "team-swiss"]
[EventRounds "9"]
[EventCountry "NET"]
[SourceTitle "CBM 212 Extra"]
[Source "ChessBase"]
[SourceDate "2023.03.31"]
[SourceVersion "1"]
[SourceVersionDate "2023.03.31"]
[SourceQuality "1"]
[WhiteTeam "Tirana"]
[BlackTeam "Athens Kallithea"]
[WhiteTeamCountry "ALB"]
[BlackTeamCountry "GRE"]

1. e4 e5 2. Nf3 Nc6 3. Bc4 Bc5 4. c3 Nf6 5. d3 0-0 6. a4 a5 7. 0-0 d6 8. Be3 Nd7 9. Nbd2 Kh8 10. d4 Bb6 11. Ng5 exd4 12. cxd4 Bxd4 13. Nxf7+ Rxf7 14. Bxf7 Nde5 15. Bxd4 Nxd4 16. Ba2 Qh4 17. Nc4 Nef3+ 18. gxf3 Bh3 19. Ne3 Qf6 20. Kh1 Nxf3 21. Rg1 Nxg1 22. Kxg1 Qg6+ 23. Kh1 Qxe4+ 24. Kg1 Qg6+ 25. Kh1 Rf8 26. Qd5 c6 27. Qb3 d5 28. Rg1 Qe4+ 29. Ng2 Bxg2+ 30. Rxg2 Rxf2 0-1

[Event "EU-ch Cities&Town op"]
[Site "Tornelo INT"]
[Date "2023.01.29"]
[Round "?"]
[White "Zeneli, Klendi"]
[Black "Utrera, Ludovic"]
[Result "1-0"]
[WhiteElo "2052"]
[BlackElo "2045"]
[PlyCount "57"]
[EventDate "2023.01.29"]
[EventType "team-swiss"]
[EventRounds "9"]
[EventCountry "NET"]
[SourceTitle "CBM 212 Extra"]
[Source "ChessBase"]
[SourceDate "2023.03.31"]
[SourceVersion "1"]
[SourceVersionDate "2023.03.31"]
[SourceQuality "1"]
[WhiteTeam "Tirana"]
[BlackTeam "Corsica"]
[WhiteTeamCountry "ALB"]
[BlackTeamCountry "FRA"]

1. e4 c5 2. Nf3 d6 3. d4 cxd4 4. Nxd4 Nf6 5. Nc3 a6 6. Bg5 Nbd7 7. f4 Qc7 8. Qe2 e6 9. 0-0-0 Be7 10. g4 b5 11. Bxf6 Bxf6 12. g5 Be7 13. f5 Bxg5+ 14. Kb1 Nc5 15. fxe6 Bxe6 16. Nxe6 Nxe6 17. Nd5 Qc5 18. Bh3 0-0 19. Rhg1 h6 20. Bf5 Nf4 21. Nxf4 Bxf4 22. Qg4 Bg5 23. h4 Bf6 24. Qf4 Qb4 25. Qc1 Kh8 26. a3 Qc5 27. Rd5 Qc4 28. Rxd6 Be5 29. Qxh6+ 1-0

[Event "EU-chT U18"]
[Site "Thessaloniki"]
[Date "2022.07.17"]
[Round "6.5"]
[White "Zeneli, Klendi"]
[Black "Olsson, William"]
[Result "1-0"]
[WhiteElo "1921"]
[BlackElo "2284"]
[PlyCount "51"]
[EventDate "2022.07.12"]
[EventType "team-swiss"]
[EventRounds "7"]
[EventCountry "GRE"]
[SourceTitle "CBM 209 Extra"]
[Source "ChessBase"]
[SourceDate "2022.09.30"]
[SourceVersion "1"]
[SourceVersionDate "2022.09.30"]
[SourceQuality "1"]
[WhiteTeam "Albania U18"]
[BlackTeam "Sweden U18"]
[WhiteTeamCountry "ALB"]
[BlackTeamCountry "SWE"]

1. e4 c5 2. c3 Nf6 3. e5 Nd5 4. d4 cxd4 5. cxd4 e6 6. Nc3 Nxc3 7. bxc3 Qc7 8. Bd2 d6 9. f4 Be7 10. Nf3 Nd7 11. Bd3 0-0 12. 0-0 f5 13. exf6 Nxf6 14. Qc2 Bd7 15. Rae1 h6 16. Nh4 Rfe8 17. Ng6 Rac8 18. Rf3 Nd5 19. Qd1 Bf6 20. Bb1 Qc4 21. Rg3 Qb5 22. Ne5 Ne7 23. Qh5 dxe5 24. fxe5 Rf8 25. Bxh6 Rxc3 26. Bxg7 1-0

[Event "EU-chT U18"]
[Site "Thessaloniki"]
[Date "2022.07.14"]
[Round "3.9"]
[White "Zeneli, Klendi"]
[Black "Pekkul, Arda"]
[Result "1-0"]
[WhiteElo "1921"]
[BlackElo "1599"]
[PlyCount "65"]
[EventDate "2022.07.12"]
[EventType "team-swiss"]
[EventRounds "7"]
[EventCountry "GRE"]
[SourceTitle "CBM 209 Extra"]
[Source "ChessBase"]
[SourceDate "2022.09.30"]
[SourceVersion "1"]
[SourceVersionDate "2022.09.30"]
[SourceQuality "1"]
[WhiteTeam "Albania U18"]
[BlackTeam "Turkey U18"]
[WhiteTeamCountry "ALB"]
[BlackTeamCountry "TUR"]

1. e4 c5 2. c3 d5 3. exd5 Qxd5 4. Nf3 Nf6 5. Na3 e6 6. d4 a6 7. Nc4 Nbd7 8. Be2 b5 9. Ne3 Qd6 10. a4 Rb8 11. 0-0 Be7 12. axb5 axb5 13. Ra5 c4 14. b3 Qc7 15. Ra1 cxb3 16. Qxb3 0-0 17. Bxb5 Bb7 18. c4 Bxf3 19. gxf3 Bd6 20. Ng4 h5 21. Nxf6+ Nxf6 22. h3 e5 23. Qd3 exd4 24. Qxd4 Rfd8 25. Qh4 Be5 26. Ra6 Rd4 27. Qg5 Nh7 28. Qf5 g6 29. Qb1 Qc8 30. Rxg6+ fxg6 31. Qxg6+ Kh8 32. Qxh5 Bg7 33. Re1 1-0

[Event "Francophonie-chT Rapid"]
[Site "Tornelo INT"]
[Date "2022.06.05"]
[Round "9.2"]
[White "Zeneli, Klendi"]
[Black "Ezat, Mohamed Mahmoud"]
[Result "0-1"]
[WhiteElo "1921"]
[BlackElo "2389"]
[PlyCount "54"]
[EventDate "2022.06.04"]
[EventType "team-swiss (rapid)"]
[EventRounds "11"]
[EventCountry "FRA"]
[SourceTitle "CBM 208 Extra"]
[Source "ChessBase"]
[SourceDate "2022.07.31"]
[SourceVersion "1"]
[SourceVersionDate "2022.07.31"]
[SourceQuality "1"]
[WhiteTeam "Albania II"]
[BlackTeam "Egypt"]
[WhiteTeamCountry "ALB"]
[BlackTeamCountry "EGY"]

1. e4 c6 2. d4 d5 3. exd5 cxd5 4. Bd3 Nc6 5. c3 Qc7 6. Ne2 Bg4 7. f3 Bd7 8. Bf4 e5 9. Bg3 Bd6 10. Bc2 Nf6 11. 0-0 0-0 12. dxe5 Nxe5 13. Nd2 Nh5 14. Bf2 Rae8 15. Nd4 Nc6 16. g3 Nxd4 17. cxd4 Bb5 18. Rc1 Qd7 19. Re1 Rxe1+ 20. Qxe1 Re8 21. Qd1 Qh3 22. f4 Be2 23. Qe1 Nf6 24. Kh1 Bb4 25. Bd1 Bg4 26. Be3 Bxd1 27. Rxd1 Ng4 0-1

[Event "Francophonie-chT Rapid"]
[Site "Tornelo INT"]
[Date "2022.06.04"]
[Round "5.7"]
[White "Zeneli, Klendi"]
[Black "Scurtu, Alexandr"]
[Result "0-1"]
[WhiteElo "1921"]
[BlackElo "1960"]
[PlyCount "74"]
[EventDate "2022.06.04"]
[EventType "team-swiss (rapid)"]
[EventRounds "11"]
[EventCountry "FRA"]
[SourceTitle "CBM 208 Extra"]
[Source "ChessBase"]
[SourceDate "2022.07.31"]
[SourceVersion "1"]
[SourceVersionDate "2022.07.31"]
[SourceQuality "1"]
[WhiteTeam "Albania II"]
[BlackTeam "Moldova"]
[WhiteTeamCountry "ALB"]
[BlackTeamCountry "MDA"]

1. e4 c5 2. c3 e6 3. d4 d5 4. exd5 exd5 5. Nf3 Nc6 6. Be2 Bd6 7. 0-0 Bf5 8. Re1 Nge7 9. Be3 c4 10. Nbd2 0-0 11. Nf1 Bg6 12. Qd2 Qc7 13. Ng3 Nf5 14. Ne5 Bxe5 15. dxe5 Nxe3 16. Qxe3 Qxe5 17. Rad1 Rad8 18. Bf3 Qxe3 19. fxe3 Bd3 20. Ne2 Ne5 21. Nf4 Be4 22. Kf2 g5 23. Nxd5 Nd3+ 24. Rxd3 Bxd3 25. e4 Kg7 26. Ne7 Rfe8 27. Nf5+ Kg6 28. Nd4 h5 29. h3 Re5 30. a3 Rde8 31. Nf5 Bxe4 32. Nd6 Bxf3 33. Nxe8 Rxe1 34. Kxe1 Bxg2 35. h4 g4 36. Kf2 Bc6 37. Kg3 Bxe8 0-1